| 000 | 00871nas a2200289 4500 | ||
|---|---|---|---|
| 001 | BR8704567 | ||
| 003 | BR-BrBNA | ||
| 005 | 20231205090717.0 | ||
| 007 | ta | ||
| 008 | 230509b bl.|||p| |||| 00| 00por d | ||
| 040 |
_aBR-BrBNA _bpor _cBiblioteca Nacional de Agricultura |
||
| 041 | _a(Pt) | ||
| 072 | _aF60 | ||
| 100 | 1 | _aFe, J. de A.M. | |
| 100 | 1 | _aHolanda, L.F.F. de | |
| 100 | 1 | _aMaia, G.A. | |
| 100 | 1 | _aGuedes, Z.B.L. | |
| 100 | 1 | _aAria, H.F. | |
| 100 | 1 | _aGuimaraes, A.C.L. | |
| 245 | 1 | _aEstudo da composicao quimica de quarenta variedades de feijao-de-corda (Vigna sinensis, Endl) | |
| 650 | _aFEIJAO DE CORDA | ||
| 650 | _aVARIEDADE | ||
| 650 | _aCOMPOSICAO QUIMICA | ||
| 773 | 0 |
_tCiencia Agronomica (Brazil) _xISSN 0045-6888 _g(Dec 1981), v. 12(1-2) p. 207-212 _wBR8704567 |
|
| 909 |
_a202311 _bLúcia _c55 _dLúcia Elande |
||
| 942 |
_2AGRIS _n0 _cANA |
||
| 999 |
_c120392 _d120392 |
||